LEADER 01100nam a2200205 4500 001 000000358765 003 CaOOAMICUS 005 20250725103703.0 008 240708s2023 it 000 u ita r 040 $aSeMil$bita 245 02$aI collegi per stranieri a/e Roma nell'Etą moderna. 264 1$aViterbo :$bSette cittą,$c2023- 300 $av. ;$c21 cm 650 4$aScuole cattoliche per stranieri - Roma - Sec. 16.-20.$0(OLS)http://semarc/subject/58342 774 0 $t1: Cinque-Settecento.$dViterbo : Sette cittą, 2023.$kStudi di storia delle istituzioni ecclesiastiche$z979-12-5524-036-5$w()363713 774 0 $t2: 1750-1915.$dViterbo : Sette cittą, 2024.$kStudi di storia delle istituzioni ecclesiastiche$z979-1-255-24093-8$w()363714 774 0 $t3: Dopo la Grande Guerra.$dViterbo : Sette cittą, 2025.$kStudi di storia delle istituzioni ecclesiastiche$z979-1-255-24154-6$w()363715 996 $6245$aI collegi per stranieri a/e Roma nell'Etą moderna$9(OLS)http://semarc/title/449168 996 $6264$aViterbo :$bSette cittą$9(OLS)http://semarc/publisher/61814 LEADER 01134nam a2200265 4500 001 000000364916 003 CaOOAMICUS 005 20251215113451.0 008 251029s1978 it 000 u ita r 040 $aSeMil$bita 100 1 $aHume, David,$d<1711-1776>.$0(OLS)http://semarc/name/1506 245 00$aAntologia di scritti politici /$cDavid Hume ; a cura di Giuseppe Giarrizzo. 250 $aNuova ed. 264 1$aBologna :$bIl Mulino,$c1978. 300 $a221 p. ;$c19 cm 490 1 $aIl pensiero moderno. Politica ;$v16 650 4$aHume, David <1711-1776> - Pensiero politico.$0(OLS)http://semarc/subject/13278 700 1 $aGiarrizzo, Giuseppe,$d<1927-2015>.$0(OLS)http://semarc/name/40467 830 3$aIl pensiero moderno. Politica ;$v16.$0(OLS)http://semarc/title/456320 850 $aSeMil 852 $aSeMil$W1$xVenegono$y1$m2G I 25$j264222$B255754$CSeMilBibl$Z2$F255754 $81 961 $aBuzzi mons. Franco - Omaggio 996 $6245$aAntologia di scritti politici$9(OLS)http://semarc/title/457400 996 $6264$aBologna :$bIl Mulino$9(OLS)http://semarc/publisher/29842